|
|
|
|
| LEADER |
01220nam a2200313Ia 4500 |
| 001 |
EBC233848 |
| 003 |
MiAaPQ |
| 005 |
20200520144314.0 |
| 006 |
m o d | |
| 007 |
cr cn||||||||| |
| 008 |
000815s2005 enk s 000 0 eng d |
| 020 |
|
|
|z 1845440846
|
| 035 |
|
|
|a (MiAaPQ)EBC233848
|
| 035 |
|
|
|a (Au-PeEL)EBL233848
|
| 035 |
|
|
|a (CaPaEBR)ebr10085636
|
| 035 |
|
|
|a (CaONFJC)MIL50837
|
| 035 |
|
|
|a (OCoLC)936900991
|
| 040 |
|
|
|a MiAaPQ
|c MiAaPQ
|d MiAaPQ
|
| 050 |
|
4 |
|a HB171
|b .I68 v.32, no.1/2 2005
|
| 245 |
0 |
0 |
|a International journal of social economics.
|n Vol. 32, No. 1/2,
|p 30 years of IJSE: festschrift in honour of professor John O'Brien (part 3)
|h [electronic resource] /
|c Guest editor: Barrie Pettman.
|
| 260 |
|
|
|a Bradford, England :
|b Emerald Group Publishing,
|c c2005.
|
| 300 |
|
|
|a 179 p.
|
| 533 |
|
|
|a Electronic reproduction. Ann Arbor, MI : ProQuest, 2015. Available via World Wide Web. Access may be limited to ProQuest affiliated libraries.
|
| 650 |
|
0 |
|a Economics.
|
| 650 |
|
0 |
|a Social sciences.
|
| 655 |
|
4 |
|a Electronic books.
|
| 700 |
1 |
|
|a Pettman, Barrie.
|
| 710 |
2 |
|
|a ProQuest (Firm)
|
| 856 |
4 |
0 |
|u https://ebookcentral.proquest.com/lib/matrademy/detail.action?docID=233848
|z Click to View
|